000 00408nam a2200181Ia 4500
100 _aRao/Nannapaneni N
650 _aElectromagnetics
250 _a6
942 _cBK
366 _f25
654 _aelectromagnetics
245 _aElements of Engineering Electromagnetics
260 _bPearson Education
_aMumbai
_c2006
082 _a530.141
_bRAO
300 _a831
546 _aENGLISH
999 _c21086
_d21086